00600cam a22002291 4500001001300000003000400013005001700017008004100034010001700075025001900092035002000111040002500131042001200156050002000168100002000188245005300208260004400261300001900305500001600324500001300340999001700353sa 68003459 DLC20260227112453.0900220s1967 ii 000 1 benr  asa 68003459  aPL480:I-B-3241 a(OCoLC)21095199 aDLCcMiEMdMiEMdDLC apremarc00aPK1718.B377bU71 aBasu, Ramapati.10aUrbaśīra naraka.c[Lekhaka] Ramāpati Basu. aKalikātā,bJñyātīrthac[1967] a177 p.c22 cm. aIn Bengali. aA novel. c79492d79492